000 00721nam a2200241Ia 4500
003 GCL
008 140319s9999 xx 000 0 ara d
040 _aGCL /
_cGCL
082 0 4 _a813.009
_bا ر
100 1 _aاحمد ابو مطر
245 1 0 _aالرواية والحرب /
_cاحمد ابو مطر
260 _a[S.N] :
_bالمؤسسة العربية للدراسات والنشر ،
_c1994
300 _a204 ص
490 _a
650 0 4 _aالقصص العربية
650 0 4 _aقصص الحرب
650 0 4 _aالنقد
650 0 4 _aالحرب
650 0 4 _aالانتفاضة الفلسطينية
650 0 4 _aتاريخ ونقد
650 0 4 _aالادب الفلسطينى
942 _2ddc
_cBK
999 _c37425
_d37425